| 000 | 00396nam a22001697a 4500 | ||
|---|---|---|---|
| 005 | 20180804164431.0 | ||
| 008 | 160620b xxu||||| |||| 00| 0 eng d | ||
| 020 | _a978-0-07-066020-5 | ||
| 041 | _aeng | ||
| 082 |
_b8475 _a658.3 |
||
| 100 |
_aAswathappa. K. _94703 |
||
| 245 | _aHuman Resource Management | ||
| 260 |
_bTMH _adelhi |
||
| 300 | _a698p, | ||
| 650 |
_aManagement _9241 |
||
| 942 | _cBK | ||
| 999 |
_c3244 _d3243 |
||